La familia en riesgo: un instrumento de diagnóstico
Αποθηκεύτηκε σε:
| Κύριος συγγραφέας: | |
|---|---|
| Μορφή: | Βιβλίο |
| Γλώσσα: | Ισπανικά |
| Έκδοση: |
Santiago
Universitaria
1988
|
| Σειρά: | Colección manuales y monografías
|
| Θέματα: | |
| Ετικέτες: |
Προσθήκη ετικέτας
Δεν υπάρχουν, Καταχωρήστε ετικέτα πρώτοι!
|
MARC
| LEADER | 00000nam a2200000 a 4500 | ||
|---|---|---|---|
| 001 | UCW3520 | ||
| 003 | CL-VaPUC | ||
| 008 | 881026e19880000CL |||||||||||||||||spa|d | ||
| 082 | 0 | 4 | |a 306.8 |b ALV |2 21 |
| 100 | 0 | |a Alvarez M., María de la Luz |e author |9 307751 | |
| 245 | 1 | 3 | |a La familia en riesgo: un instrumento de diagnóstico |
| 300 | |a 145 p | ||
| 942 | |c BK | ||
| 945 | |d 19881026 00:00:00 | ||
| 260 | |a Santiago |b Universitaria |c 1988 | ||
| 650 | 0 | |a Familias |9 255641 | |
| 650 | 7 | |a MATRIMONIO |2 CL-VaPUC |9 307752 | |
| 650 | 0 | |a Padres e hijos |9 307753 | |
| 651 | 7 | |a CHILE |2 CL-VaPUC |9 307754 | |
| 583 | |a last modification |c 19881026 00:00:00 |k Rodrigo Vera | ||
| 490 | 0 | |a Colección manuales y monografías | |
| 999 | |c 217489 |d 217487 | ||
| 952 | |0 0 |1 0 |4 0 |6 306_800000000000000_ALV_1988 |7 0 |8 A |9 205186 |a BIBENE |b BIBENE |d 2019-11-15 |i 2731347 |o 306.8 ALV 1988 |p 2731347 |r 2025-01-15 |w 2019-11-15 |y BK |k ICO | ||
| 952 | |0 0 |1 0 |4 0 |6 306_800000000000000_ALV_1988 |7 0 |8 P |9 205187 |a BIBEDU |b BIBEDU |c BIBEDU_PB |d 2019-11-15 |i 2731355 |o 306.8 ALV 1988 |p 2731355 |r 2019-11-15 |w 2019-11-15 |y BK |k EDU | ||
| 952 | |0 0 |1 0 |4 0 |6 306_800000000000000_ALV_1988 |7 0 |8 A |9 205188 |a BIBGIM |b BIBGIM |d 2019-11-15 |i 2911078 |o 306.8 ALV 1988 |p 2911078 |r 2025-01-15 |w 2019-11-15 |y BK |k SSL | ||
| 952 | |0 0 |1 0 |4 0 |6 306_800000000000000_ALV_1988 |7 0 |8 A |9 205189 |a BIBGIM |b BIBGIM |d 2019-11-15 |i 2911086 |o 306.8 ALV 1988 |p 2911086 |r 2025-01-15 |w 2019-11-15 |y BK |k SSL | ||